000 00884nam a22002177a 4500
999 _c65503
_d65503
005 20240530110828.0
008 190711s2018 ua a g 000 0 ara d
017 _a2017/21187
_bمصر. دار الكتب
020 _a9789773833431
040 _aEG-CaGPL
_cEG-CaGPL
082 0 4 _221
_a953.0748 /
_bع ب
100 1 _aعابد بن على الرشيدى
245 1 0 _aبلاد اليمن خلال عهد السلطان المؤيد داود بن يوسف الرسولى 696 - 721 هـ 1297 - 1321 م :
_bدراسة سياسية حضارية /
_cتأليف عابد بن على الرشيدى
250 _aط.1
260 _aالقاهرة :
_bايتراك للطباعة و النشر و التوزيع،
_c2018 .
300 _a304 ص. ؛
_c24 سم.
650 0 7 _2qrmak
651 0 7 _aاليمن
_2qrmak
942 _2ddc
_cBK